Statistics for Computer Terminologies and Acronyms

Click here to take the quiz!

General Stats

  • This quiz has been taken 429 times
  • The average score is 8 of 15

Answer Stats

HintAnswer% Correct
CPUCentral Processing Unit
97%
RAMRandom Access Memory
96%
ROMRead-Only Memory
93%
USBUniversal Serial Bus
89%
HzHertz
77%
HDDHard Disk Drive
68%
KbpsKilo bit per second
41%
VGAVideo Graphics Array
37%
HDMIHigh-Definition Multimedia Interface
35%
RPMRevolution per Minute
30%
DDRDouble Data Rate
27%
DVIDigital Visual Interface
26%
SATASerial Advanced Technology Attachment
25%
PATAParallel Advanced Technology Attachment
24%
IDEIntegrated Drive Electronics
22%

Score Distribution

Percentile by Number Answered

Percent of People with Each Score

Your Score History

You have not taken this quiz